00792nam a22002057a 4500999001900000005001700019010001500036020002700051035001400078037001300092082001300105100001800118245010400136260004500240270006400285300002100349500005100370942002700421952013800448 c173042d17304220200218103159.0 aENG-127890 c1195.00a9780199489688 aEN-111422 bDBAD/PUB a954.0359 aAnkit, Rakesh a India in the Interregnum : cby Rakesh AnkitbInterim Government, September 1946-August 1947/ aNew Delhic2019bOxford University Press a2/11 Ground Floor,Ansari Road,Dariyaganje110002bNew Delhi aIX;376p.b22(hb) aincludes bibliographical references and index  2ddccENhANKk954.0359 001040708NFICaLbLd2020-02-18eDBAD/PUBg1195.00l2oANKpEN-111422r2025-02-08 00:00:00s2025-01-27t1v1195.00w2020-02-18yEN